Teoretické východiská medzinárodného marketingu investičných tovarov
Pojem a nové pohľady na marketing. Analýza určujúcich faktorov trhu s investičnými tovarmi a celkami a ich vplyv na marketingový mix.
Saved in:
| Main Author: | |
|---|---|
| Other Authors: | |
| Format: | Book Chapter |
| Language: | Slovak |
| Subjects: | |
| Tags: |
No Tags, Be the first to tag this record!
|
MARC
| LEADER | 00000naa$a2200000$$$4500 | ||
|---|---|---|---|
| 001 | 0104433 | ||
| 005 | 20240502072138.3 | ||
| 041 | 0 | |a slo | |
| 044 | |a SK | ||
| 245 | 1 | 0 | |a Teoretické východiská medzinárodného marketingu investičných tovarov |c Terézia Pullmanová, Valéria Svobodová |
| 520 | |a Pojem a nové pohľady na marketing. Analýza určujúcich faktorov trhu s investičnými tovarmi a celkami a ich vplyv na marketingový mix. | ||
| 610 | 2 | 0 | |a marketing medzinárodný |
| 610 | 2 | 0 | |a marketing mix |
| 610 | 2 | 0 | |a tovar |
| 610 | 2 | 0 | |a celky investičné |
| 610 | 2 | 0 | |a obchod |
| 100 | 1 | |a Pullmanová, Terézia, 1953- | |
| 700 | 1 | |a Svobodová, Valéria | |